000 00297nam a2200121Ia 4500
008 190216s9999||||xx |||||||||||||| ||und||
100 _aShoukath Dhanvi
245 0 _aHindi-Aaj Ki Arth Kahaniyaam Naye Ghudha
260 _bRaj Book Service
_c2011
300 _a159
650 _aHindi
942 _cBK
999 _c16909
_d16909